MARC

LEADER 00000nam2a2200000 4500
001 50351
005 20231101211236.0
035 |a (RuTPU)RU\TPU\book\52730 
090 |a 50351 
100 |a 20030415d1963 km y0rusy50 ca 
101 0 |a rus 
102 |a RU 
105 |a a g 001zy 
200 0 |a Т. 5: Кн. 1  |f Е. В. Антошин, И. Л. Бринберг, К. В. Васильев и др.  |g под ред. Э. А. Сатель 
210 |d 1963 
215 |a 451 с.  |c ил. 
320 |a Библиогр. в конце глав. 
461 1 |0 (RuTPU)RU\TPU\book\52719  |t Справочник машиностроителя  |o В 6 т.  |f Под ред. Н. С. Ачеркана  |v Т. 5: Кн. 1  |e 3-е изд., испр. и доп.  |d 1961- 
606 1 |a Машиностроение  |2 stltpush  |3 (RuTPU)RU\TPU\subj\71949  |9 85607 
610 1 |a литейное производство 
610 1 |a ковка 
610 1 |a штамповка 
610 1 |a сварочное производство 
610 1 |a термическая обработка 
610 1 |a химико-термическая обработка 
610 1 |a металлы 
610 1 |a материалы 
610 1 |a электрические методы 
610 1 |a химико-механические методы 
610 1 |a покрытия 
610 1 |a детали машин 
610 1 |a технология 
610 1 |a нанесение 
610 1 |a справочники 
675 |a 621.002(035)  |v 3 
701 1 |a Антошин  |b Е. В.  |g Евгений Васильевич 
701 1 |a Бринберг  |b И. Л. 
701 1 |a Васильев  |b К. В. 
701 1 |a Гельман  |b А. С. 
701 1 |a Головин  |b А. В. 
702 1 |a Сатель  |b Э. А.  |4 340 
801 1 |a RU  |b 63413507  |c 20030415  |g PSBO 
801 2 |a RU  |b 63413507  |c 20221108  |g PSBO 
942 |c BK